=LDR 00000nam 2200000 4500 =001 NUTBA000000000004421 =005 20140912105654.0 =006 =007 =008 =020 ##$$a 978-979-053-136-9 =035 ##$$a 0010-091400000000454 =040 ##$$a NBPDMAT =082 ##$$a 616.853 =090 ##$$a 616.853 $b Fri l =100 ##$$a Frida N =245 ##$$a Lebih tahu tentang penyakit polio / $c Frida N. ; editor, Sulistiono =260 ##$$a Jakarta : $b Pamularsih, $c 2010 =300 ##$$a iv, 60 hlm. : $b ilus. ; $c 20 cm. =500 ##$$a Bibliografi : hlm. 60 =650 ##$$a Policmelitis =700 ##$$a Sulistiono =850 ##$$a NBPDMAT =990 ##$$a 21408342